Famous people from each country - Statistics

General Stats
  • This quiz has been taken 15 times
  • The average score is 35 of 50
Answer Stats
Hint Answer % Correct
Justin Bieber Canada
100%
Albert Einstein Germany
100%
Lionel Messi Argentina
93%
Mozart Austria
93%
Mao Zedong China
93%
Fidel Castro Cuba
93%
Cleopatra Egypt
93%
Gandhi India
93%
Hirohito Japan
93%
Vladimir Putin Russia
93%
Nelson Mandela South Africa
93%
Winston Churchill UK
93%
Barack Obama USA
93%
Pablo Escobar Colombia
86%
Charles de Gaulle France
86%
Socrates Greece
86%
Cillian Murphy Ireland
86%
Jesus Israel
86%
Bob Marley Jamaica
86%
Vincent van Gogh Netherlands
86%
Cristiano Ronaldo Portugal
86%
Volodymyr Zelenskyy Ukraine
86%
Ho Chi Minh Vietnam
86%
Leonardo da Vinci Italy
79%
El Chapo Mexico
79%
Kim Dzong Un North Korea
79%
Muhammad Saudi Arabia
79%
Ronaldinho Brazil
71%
Pol Pot Cambodia
71%
Gaddafi Libya
71%
Pablo Picasso Spain
71%
Roger Federer Switzerland
71%
Petr Čech Czechia
64%
Mansa Musa Mali
64%
Alfred Nobel Sweden
64%
Dalai Lama Tibet
57%
Kim Kardashian Armenia
50%
Leopold II Belgium
50%
Ivanka Trump Slovenia
50%
Atatürk Turkey
50%
Hugo Chávez Venezuela
50%
Pinochet Chile
43%
Joseph Stalin Georgia
43%
Nicolae Ceaușescu Romania
43%
Beyoncé Barbados
36%
Alexander Lukashenko Belarus
36%
Frédéric Chopin Poland
36%
Nikola Tesla Croatia
21%
Josip Broz Tito Serbia
21%
Papa Doc Haiti
14%
No matching quizzes found
Score Distribution
Percent of People with Each Score
Percentile by Number Answered
Your Score History
You have not taken this quiz